000 00961nam a2200205 a 4500
008 081126s2005 ||||||||||||||||| || u
020 _a1843695731
050 _aHD 9000.5 Agr
100 _aLines, Thomas
245 1 0 _aAgricultural commodities, trade and sustainable development
_cedited by Thomas Lines
260 _aLondon:
_bInternational Institute for Environment and Development
_c2005
300 _ax, 254p.: ill.
350 _a0.00
650 _aPRODUCE TRADE--DEVELOPING COUNTRIES
650 _aAGRICULTURE
650 0 _aAGRICULTURAL TRADE
650 _aFARM PRODUCE--SOUTHERN PROVINCE--ZAMBIA
995 _aMAIN LIBRARY OPEN ACCESS
_D0.00
_e740534
_FCBU-MAIN LIBRARY (Kitwe)
_H1
_I0.00
_jHD 9000.5 AGR
_M2
_UAVAILABLE
_WFeb 19, 2010
_y740534
_ZMain Library Open Access Collection
995 _aMAIN LIBRARY OPEN ACCESS
_D0.00
_e739110
_FCBU-MAIN LIBRARY (Kitwe)
_H1
_I0.00
_jHD 9000.5 AGR
_M1
_UAVAILABLE
_WMar 18, 2009
_y739110
_ZMain Library Open Access Collection
999 _c83845
_d83845